ARRUPE JESUIT UNIVERSITY

CORONAVIRUS -STOP THE SPREAD - CLEAN,DISINFECT,COVER

Greek mathematical thought and the origin of algebra (Record no. 122303)

MARC details
000 -LEADER
fixed length control field 00523nam a22001697a 4500
008 - FIXED-LENGTH DATA ELEMENTS--GENERAL INFORMATION
fixed length control field 150306b xxu||||| |||| 00| 0 eng d
020 ## - INTERNATIONAL STANDARD BOOK NUMBER
International Standard Book Number 9780486272894
050 ## - LIBRARY OF CONGRESS CALL NUMBER
Classification number QA22.K513 1992
100 ## - MAIN ENTRY--PERSONAL NAME
Personal name Klein, Jacob
9 (RLIN) 15887
245 ## - TITLE STATEMENT
Title Greek mathematical thought and the origin of algebra
Statement of responsibility, etc /by Jacob Klein
260 ## - PUBLICATION, DISTRIBUTION, ETC. (IMPRINT)
Place of publication, distribution, etc New York
Name of publisher, distributor, etc Dover
Date of publication, distribution, etc 1992
300 ## - PHYSICAL DESCRIPTION
Extent xv, 360p.
Dimensions 22cm.
650 ## - SUBJECT ADDED ENTRY--TOPICAL TERM
Topical term or geographic name as entry element Mathematics, Greek
9 (RLIN) 15888
650 ## - SUBJECT ADDED ENTRY--TOPICAL TERM
Topical term or geographic name as entry element Algebra
General subdivision History
9 (RLIN) 15889
700 ## - ADDED ENTRY--PERSONAL NAME
Personal name Eva, Brann
9 (RLIN) 15907
Relator term tr.
942 ## - ADDED ENTRY ELEMENTS (KOHA)
Source of classification or shelving scheme Library of Congress Classification
Item type Monograph ( Printed materials)
Holdings
Withdrawn status Lost status Source of classification or shelving scheme Damaged status Not for loan Collection code Home library Current library Shelving location Date acquired Total Checkouts Full call number Barcode Date last seen Price effective from Koha item type
    Library of Congress Classification     Main Collection ARRUPE LIBRARY ARRUPE LIBRARY Main Collection 06/03/2015   QA22.K513 1992 46500002794 02/07/2019 06/03/2015 Monograph ( Printed materials)

 

Arrupe Library. PO Box MP320 Mt Pleasant, Harare, Zimbabwe
263 242 745411|librarian@aju.ac.zw